Statistieken voor Alle landen die ooit gecontroleerd werden door Turken

Klik hier om de quiz te nemen!

Algemene statistieken

  • Deze quiz is 30 keer genomen
  • De gemiddelde score is 74 van 79

Antwoorden op de kaart

Antwoorden kleurgecodeerd door een groen-rode schaal op de quizkaart volgens % correct hieronder.
 

Antwoordstatistieken

Land% Correct
Bangladesh
100%
China
100%
Cyprus
100%
Egypte
100%
India
100%
Iran
100%
Kazachstan
100%
Pakistan
100%
Rusland
100%
Turkije
100%
Afghanistan
96%
Albanië
96%
Algerije
96%
Azerbeidzjan
96%
Belarus
96%
Bosnië en Herzegovina
96%
Bulgarije
96%
Duitsland
96%
Finland
96%
Georgië
96%
Griekenland
96%
Hongarije
96%
Indonesië
96%
Irak
96%
Jemen
96%
Jordanië
96%
Kosovo
96%
Kroatië
96%
Libië
96%
Marokko
96%
Moldavië
96%
Mongolië
96%
Oekraïne
96%
Oman
96%
Oostenrijk
96%
Polen
96%
Roemenië
96%
Servië
96%
Slowakije
96%
Soedan
96%
Somalië
96%
Sri Lanka
96%
Syrië
96%
Thailand
96%
Tsjechië
96%
Tunesië
96%
Turkmenistan
96%
Zuid-Soedan
96%
Armenië
92%
Israël
92%
Koeweit
92%
Libanon
92%
Mali
92%
Montenegro
92%
Nepal
92%
Noord-Macedonië
92%
Qatar
92%
Singapore
92%
Verenigde Arabische Emiraten
92%
Bhutan
88%
Djibouti
88%
Eritrea
88%
Estland
88%
Ethiopië
88%
Kirgizië
88%
Maleisië
88%
Mauritanië
88%
Myanmar
88%
Oezbekistan
88%
Saoedi-Arabië
88%
Tadzjikistan
88%
Tanzania
88%
Burkina Faso
84%
Democratische Republiek Congo
84%
Kenia
84%
Tsjaad
84%
Centraal-Afrikaanse Republiek
80%
Slovenië
80%
Oeganda
76%

Scoreverdeling

Percentiel versus Aantal Correcte Antwoorden

Procent van Mensen met Elke Score

Uw Scoregeschiedenis

U heeft deze quiz nog niet genomen